LEADER 01050cam0-2200325---450- 001 990008404950403321 005 20110929094349.0 010 $a3-484-31264-5 035 $a000840495 035 $aFED01000840495 035 $a(Aleph)000840495FED01 035 $a000840495 100 $a20061020d2006----km-y0itay50------ba 101 0 $ager 102 $aDE 105 $a--------001yy 200 1 $aPhraseologisches Wörterbuch des Mittelhochdeutschen$eRedensarten, Sprichwörter und andere feste Wortverbindungen in Texten von 1050-1350$fJesko Friedrich 210 $aTübingen$cNiemeyer$d2006 215 $aIX, 490 p.$d22 cm 225 1 $aReihe Germanistische Linguistik$v264 610 0 $aLingua tedesca antica$aSec. 12.-16.$aDizionari 676 $a437.02 700 1$aFriedrich,$bJesko$0295788 801 0$aIT$bUNINA$c20061020$gRICA$2UNIMARC 901 $aBK 912 $a990008404950403321 952 $a437.02 FRI 1$fFLFBC 959 $aFLFBC 996 $aPhraseologisches Wörterbuch des Mittelhochdeutschen$9725064 997 $aUNINA LEADER 00869nam0-22003131i-450- 001 990003215000403321 010 $a0-86187-844-2 035 $a000321500 035 $aFED01000321500 035 $a(Aleph)000321500FED01 035 $a000321500 100 $a20000920d1990----km-y0itay50------ba 101 0 $aeng 102 $aIT 200 1 $a<>Technical Challenges and Opportunities of a United Europe$fMichael S. Steinberg. 210 $aLondon$cPinter$d1990. 215 $aVII, 195 p.$d24 cm 676 $aF/1.4 676 $aO/1.24 676 $aO/1.243 702 1$aSteinberg,$bMichael S. 801 0$aIT$bUNINA$gRICA$2UNIMARC 901 $aBK 912 $a990003215000403321 952 $aF/1.4 STE/N.A.$b8796$fSES 959 $aSES 996 $aTechnical Challenges and Opportunities of a United Europe$9455297 997 $aUNINA DB $aING01